LIBRARY & INFORMATION CENTRE, KCAET, TAVANUR

ONLINE PUBLIC ACCESS CATALOGUE (OPAC)

Practical plane and solid geometry / (Record no. 10594)

MARC details
000 -LEADER
fixed length control field 00521cam a2200205ua 4500
041 ## - LANGUAGE CODE
Language code of text/sound track or separate title eng
082 ## - DEWEY DECIMAL CLASSIFICATION NUMBER
Classification number 516.05
Item number MOR/PR
100 ## - MAIN ENTRY--AUTHOR NAME
Personal name Morris, I H.
245 ## - TITLE STATEMENT
Title Practical plane and solid geometry /
260 ## - PUBLICATION, DISTRIBUTION, ETC. (IMPRINT)
Place of publication London :
Name of publisher Longman Green and Co ,
Year of publication 1962.
300 ## - PHYSICAL DESCRIPTION
Number of Pages 321 :
Other physical details 506 ; .
700 1# - ADDED ENTRY--PERSONAL NAME
Personal name Husband, Joseph .
942 ## - ADDED ENTRY ELEMENTS (KOHA)
Koha item type Books
Holdings
Withdrawn status Lost status Damaged status Home library Current library Date acquired Full call number Accession Number Koha item type
      KAUAET KAUAET 07/04/2012 516.05 3891 Books
      KAUAET KAUAET 07/04/2012 516.05 3892 Books
      KAUAET KAUAET 07/04/2012 516.05 3889 Books
      KAUAET KAUAET 07/04/2012 516.05 3893 Books
      KAUAET KAUAET 07/04/2012 516.05 3894 Books
free website counter